00701nam a2200241Ia 4500001000600000003000900006008004100015040001300056040001300069041001300082100002100095100002900116245002900145245006100174250001100235260001100246260001500257260004900272300005700321500002800378650002200406650003100428H5770IT-RoPAU130308s9999 xx 000 0 und d aIT-RoPAU cIT-RoPAU aITALIANO aValli Aldo Maria gCodice Aut. SPICS: 52579 aRegole del racconto (Le) bSpeciale Tg. forme e Tecniche del Giornalismo Televisivo a4a ed. aNOVARA bInterlinea c2005 [1° Ed.:1997 - Ed.Ling.Originale:1997] a"4 p. (prefazione: no ; testo: 4 [pagine: 185-188])" aIl Racconto. Le Regole. aGENERI TELEVISIVI eCodice materia Spics: 6960